[Event "WTCC-65 2018"]
[Site "Radebeul"]
[Date "2018.07.10"]
[Round "4"]
[White "Boidman, Yuri"]
[Black "Just, Fred"]
[Result "1-0"]
[WhiteElo "2358"]
[BlackElo "2116"]
[Annotator "NA"]
[PlyCount "109"]
[EventDate "2018.07.07"]
[EventType "team-tourn"]
[EventCountry "GER"]
[SourceTitle "playchess.com"]
[Source "ChessBase"]
[SourceQuality "1"]
[TimeControl "40/5400+30:1800+30"]

1. e4 {[%emt 0:00:00]} c6 {[%emt 0:00:00]} 2. c4 {[%emt 0:00:00]} e5 {[%emt 0:00:36]} 3. Nf3 {[%emt 0:00:08]} d6 {[%emt 0:00:52]} 4. d4 {[%emt 0:00:09]} Nd7 {[%emt 0:01:51]} 5. Nc3 {[%emt 0:00:10]} Ngf6 {[%emt 0:00:36]} 6. g3 {[%emt 0:01:24]} Be7 {[%emt 0:02:02]} 7. Bg2 {[%emt 0:00:07]} a6 {[%emt 0:08:31] A55: Altindisch} 8. c5 $146 {[%emt 0:05:05]} ({Vorgänger:} 8. O-O O-O 9. Qc2 Qc7 10. h3 b6 11. Rd1 Bb7 12. Be3 exd4 13. Nxd4 g6 14. Nde2 Rac8 15. Rac1 Rfe8 16. Qd2 Qb8 17. Bg5 {1-0 (41) Patuzzo,F (2356)-Hickl,J (2628) Switzerland 2014}) 8... exd4 {[%emt 0:16:00]} 9. cxd6 {[%emt 0:00:51]} dxc3 10. dxe7 {[%emt 0:00:36]} Qxe7 {[%emt 0:04:38]} 11. O-O {[%emt 0:00:52]} O-O {[%emt 0:01:26]} 12. Re1 {[%emt 0:01:46]} Ne5 {[%emt 0:04:15]} 13. Nxe5 {[%emt 0:02:35]} Qxe5 {[%emt 0:00:20]} 14. Bf4 {[%emt 0:02:24]} Qa5 {[%emt 0:01:50]} 15. bxc3 {[%emt 0:02:06]} Be6 {[%emt 0:01:59]} 16. Qb1 {[%emt 0:11:20]} b5 {[%emt 0:01:37]} 17. Qb4 {[%emt 0:01:03]} Qb6 {[%emt 0:03:17]} 18. Bd6 {[%emt 0:02:59]} Rfe8 {[%emt 0:02:05]} 19. a4 {[%emt 0:00:51]} a5 20. Qa3 {[%emt 0:08:29]} Bc4 {[%emt 0:05:01]} 21. Bc5 {[%emt 0:02:07]} Qc7 {[%emt 0:00:12]} 22. axb5 {[%emt 0:03:36]} cxb5 {[%emt 0:03:39]} 23. Bd6 {[%emt 0:01:43]} Qc6 {[%emt 0:05:47]} 24. e5 {[%emt 0:03:19]} Nd5 {[%emt 0:00:00]} 25. Rad1 {[%emt 0:01:30]} b4 {[%emt 0:02:09]} 26. cxb4 {[%emt 0:00:39]} axb4 {[%emt 0:00:04]} 27. Qc1 {[%emt 0:02:21]} Qb5 {[%emt 0:03:59]} 28. Rd4 {[%emt 0:10:33]} Rac8 {[%emt 0:01:05]} 29. Qd2 {[%emt 0:06:46]} Ne7 {[%emt 0:04:07]} 30. Bh3 {[%emt 0:10:16]} Be6 {[%emt 0:05:05]} 31. Bxe6 {[%emt 0:01:18]} fxe6 {[%emt 0:00:41]} 32. Bxe7 {[%emt 0:01:33]} Rxe7 {[%emt 0:00:16]} 33. Rxb4 {[%emt 0:00:07]} Qc5 {[%emt 0:00:44]} 34. Qd6 {[%emt 0:02:11]} Rf7 {[%emt 0:02:22]} 35. Qxc5 {[%emt 0:01:47]} Rxc5 {[%emt 0:00:11]} 36. Rb8+ {[%emt 0:01:23]} Rf8 {[%emt 0:00:04]} 37. Rxf8+ {[%emt 0:00:13]} Kxf8 {[%emt 0:00:12]} 38. Kg2 {[%emt 0:00:25]} g5 {[%emt 0:02:34]} 39. g4 {[%emt 0:03:26]} Kf7 {[%emt 0:00:46]} 40. Kg3 {[%emt 0:00:31]} Kg6 {[%emt 0:00:59]} 41. h4 {[%emt 0:30:29]} Rc3+ {[%emt 0:33:12]} 42. Re3 {[%emt 0:09:02]} Rxe3+ {[%emt 0:06:14]} 43. fxe3 {[%emt 0:00:11]} h5 {[%emt 0:00:06]} 44. hxg5 {[%emt 0:00:00]} Kxg5 {[%emt 0:00:00]} 45. gxh5 {[%emt 0:00:00]} Kxh5 {[%emt 0:00:00]} 46. Kf4 {[%emt 0:00:00]} Kh4 {[%emt 0:00:00]} 47. Ke4 {[%emt 0:00:00]} Kg4 {[%emt 0:00:00] [#]} 48. Kd3 $1 {[%emt 0:00:00]} Kg5 {[%emt 0:00:00]} 49. Kc4 {[%emt 0:00:00]} Kf5 {[%emt 0:00:00]} 50. Kd4 {[%emt 0:00:00]} Kg6 {[%emt 0:00:00]} 51. Kc5 {[%emt 0:00:00]} Kf7 {[%emt 0:00:00]} 52. Kd6 {[%emt 0:00:00]} Kf8 {[%emt 0:00:00]} 53. Kxe6 {[%emt 0:00:00]} Ke8 {[%emt 0:00:00]} 54. Kd6 {[%emt 0:00:00]} Kd8 {[%emt 0:00:00]} 55. e6 {[%emt 0:00:00]} 1-0

[Event "WTCC-65 2018"]
[Site "Radebeul"]
[Date "2018.07.10"]
[Round "4"]
[White "Sharif, Mehrshad"]
[Black "Dickhoff, Ronald"]
[Result "1/2-1/2"]
[WhiteElo "2353"]
[BlackElo "2100"]
[Annotator "NA"]
[PlyCount "83"]
[EventDate "2018.07.07"]
[EventType "team-tourn"]
[EventCountry "GER"]
[SourceTitle "playchess.com"]
[Source "ChessBase"]
[SourceQuality "1"]
[TimeControl "40/5400+30:1800+30"]

1. Nf3 {[%emt 0:01:15]} d5 {[%emt 0:00:00]} 2. g3 {[%emt 0:00:11]} c6 {[%emt 0:00:00]} 3. Bg2 {[%emt 0:00:17]} Bg4 {[%emt 0:00:00]} 4. O-O {[%emt 0:00:17]} Nd7 {[%emt 0:00:14]} 5. h3 {[%emt 0:00:39]} Bh5 {[%emt 0:00:16]} 6. d4 {[%emt 0:00:29]} e6 {[%emt 0:02:14]} 7. c4 {[%emt 0:02:11]} Ngf6 {[%emt 0:03:04]} 8. cxd5 {[%emt 0:04:19]} cxd5 {[%emt 0:05:39]} 9. Qb3 {[%emt 0:01:59]} Bxf3 {[%emt 0:02:47]} 10. Bxf3 {[%emt 0:01:06]} Qb6 {[%emt 0:00:14]} 11. Nc3 {[%emt 0:04:50]} Be7 {[%emt 0:13:20]} 12. e4 {[%emt 0:12:22]} dxe4 {[%emt 0:08:30]} 13. Nxe4 {[%emt 0:00:18]} O-O {[%emt 0:04:11]} 14. Qxb6 {[%emt 0:05:08]} Nxb6 {[%emt 0:01:07]} 15. Nc5 {[%emt 0:00:39]} Rad8 {[%emt 0:07:41]} 16. Nxb7 {[%emt 0:15:20]} Rxd4 {[%emt 0:00:14]} 17. Rd1 {[%emt 0:00:31]} Rxd1+ {[%emt 0:04:48]} 18. Bxd1 {[%emt 0:00:14]} Nc4 {[%emt 0:03:37]} 19. Be2 {[%emt 0:08:25]} Rb8 {[%emt 0:05:08]} 20. Bxc4 {[%emt 0:00:59]} Rxb7 {[%emt 0:00:08]} 21. Be3 {[%emt 0:03:59]} Nd5 {[%emt 0:08:47]} 22. Bxd5 {[%emt 0:00:48]} exd5 {[%emt 0:00:06]} 23. Rc1 {[%emt 0:00:15]} h6 {[%emt 0:04:35]} 24. Bd4 {[%emt 0:09:26]} Rb4 {[%emt 0:03:14]} 25. Rd1 {[%emt 0:02:25]} Rc4 {[%emt 0:06:24]} 26. Bc3 {[%emt 0:07:41]} Bb4 {[%emt 0:00:35]} 27. Bxb4 {[%emt 0:00:28]} Rxb4 {[%emt 0:00:07]} 28. b3 {[%emt 0:00:06]} Rb5 {[%emt 0:05:55]} 29. Rc1 {[%emt 0:03:26]} a5 {[%emt 0:02:34]} 30. Rc8+ {[%emt 0:00:27]} Kh7 {[%emt 0:00:06]} 31. Ra8 {[%emt 0:00:25]} Kg6 {[%emt 0:01:19]} 32. Kf1 {[%emt 0:00:36]} Rc5 {[%emt 0:01:06]} 33. Ke1 {[%emt 0:01:30]} Kf5 {[%emt 0:00:55]} 34. Kd2 {[%emt 0:01:08]} h5 {[%emt 0:01:44]} 35. Ra7 {[%emt 0:00:41]} Ke6 {[%emt 0:00:45]} 36. Kd3 {[%emt 0:01:11]} g6 {[%emt 0:00:17]} 37. Ra6+ {[%emt 0:07:42]} Ke5 {[%emt 0:01:27]} 38. f4+ {[%emt 0:00:31]} Kf5 {[%emt 0:00:01]} 39. Kd4 {[%emt 0:00:15]} Rb5 {[%emt 0:00:17]} 40. Rd6 {[%emt 0:02:01]} h4 {[%emt 0:02:08]} 41. gxh4 {[%emt 0:30:57]} Rb4+ {[%emt 0:30:22]} 42. Kd3 {[%emt 0:02:47]} 1/2-1/2

[Event "WTCC-65 2018"]
[Site "Radebeul"]
[Date "2018.07.10"]
[Round "4"]
[White "Schmidt, Bodo"]
[Black "Klundt, Klaus"]
[Result "1/2-1/2"]
[WhiteElo "2344"]
[BlackElo "2318"]
[Annotator "NA"]
[PlyCount "46"]
[EventDate "2018.07.07"]
[EventType "team-tourn"]
[EventCountry "GER"]
[SourceTitle "playchess.com"]
[Source "ChessBase"]
[SourceQuality "1"]
[TimeControl "40/5400+30:1800+30"]

1. d4 {[%emt 0:00:00]} Nf6 {[%emt 0:00:00]} 2. Nf3 {[%emt 0:00:06]} d5 {[%emt 0:00:00]} 3. c4 {[%emt 0:00:17]} e6 {[%emt 0:00:01]} 4. e3 {[%emt 0:01:13]} Be7 {[%emt 0:00:48]} 5. Bd3 {[%emt 0:03:26]} O-O {[%emt 0:00:31]} 6. O-O {[%emt 0:00:39]} c5 {[%emt 0:02:42]} 7. dxc5 {[%emt 0:03:41]} Bxc5 {[%emt 0:00:08]} 8. a3 {[%emt 0:00:30]} dxc4 {[%emt 0:02:00]} 9. Bxc4 {[%emt 0:00:09]} a6 {[%emt 0:00:13]} 10. b4 {[%emt 0:01:06]} Be7 {[%emt 0:00:08]} 11. Bb2 {[%emt 0:02:24]} b5 {[%emt 0:01:16]} 12. Bd3 {[%emt 0:01:52]} Bb7 {[%emt 0:00:42]} 13. Qe2 {[%emt 0:00:40]} Nbd7 {[%emt 0:03:27]} 14. Rd1 {[%emt 0:00:44]} Qc7 {[%emt 0:05:12]} 15. Nbd2 {[%emt 0:03:25]} Rac8 {[%emt 0:01:18]} 16. Rac1 {[%emt 0:04:21]} Qb8 {[%emt 0:00:36]} 17. Nb3 {[%emt 0:00:25]} Rxc1 {[%emt 0:06:07]} 18. Rxc1 {[%emt 0:03:15]} Rc8 {[%emt 0:01:03]} 19. Rxc8+ {[%emt 0:00:41]} Qxc8 {[%emt 0:00:08]} 20. Na5 {[%emt 0:01:37]} Ba8 {[%emt 0:01:03]} 21. e4 {[%emt 0:02:53]} Nb6 {[%emt 0:07:45]} 22. Qe1 {[%emt 0:10:41]} Nfd7 {[%emt 0:07:14]} 23. Nd2 {[%emt 0:04:08]} Na4 {[%emt 0:06:55]} 1/2-1/2

[Event "WTCC-65 2018"]
[Site "Radebeul"]
[Date "2018.07.10"]
[Round "4"]
[White "Karasev, Vladimir I"]
[Black "Bosbach, Gerhard"]
[Result "1-0"]
[WhiteElo "2337"]
[BlackElo "2119"]
[Annotator "NA"]
[PlyCount "81"]
[EventDate "2018.07.07"]
[EventType "team-tourn"]
[EventCountry "GER"]
[SourceTitle "playchess.com"]
[Source "ChessBase"]
[SourceQuality "1"]
[TimeControl "40/5400+30:1800+30"]

1. Nf3 {[%emt 0:00:00]} Nf6 {[%emt 0:00:00]} 2. g3 {[%emt 0:00:00]} d5 {[%emt 0:01:43]} 3. Bg2 {[%emt 0:00:04]} Bg4 {[%emt 0:01:07]} 4. c4 {[%emt 0:00:37]} Bxf3 {[%emt 0:01:38]} 5. Bxf3 {[%emt 0:00:08]} c6 {[%emt 0:01:47]} 6. cxd5 {[%emt 0:00:43]} Nxd5 {[%emt 0:05:54]} 7. d4 {[%emt 0:00:33]} e6 {[%emt 0:03:21]} 8. e4 {[%emt 0:00:38]} Bb4+ {[%emt 0:01:08]} 9. Kf1 {[%emt 0:00:42]} Nf6 {[%emt 0:02:34]} 10. Qb3 {[%emt 0:03:57]} Qe7 {[%emt 0:05:16]} 11. Bg5 {[%emt 0:03:57]} h6 {[%emt 0:00:56]} 12. Bxf6 {[%emt 0:01:34]} Qxf6 {[%emt 0:02:05]} 13. Bh5 {[%emt 0:44:24]} Qe7 {[%emt 0:04:07]} 14. Nc3 {[%emt 0:00:48]} O-O {[%emt 0:02:36]} 15. Kg2 {[%emt 0:00:42]} Nd7 {[%emt 0:05:58]} 16. a3 {[%emt 0:01:25]} Bxc3 {[%emt 0:30:53]} 17. bxc3 {[%emt 0:00:18]} b6 {[%emt 0:00:15]} 18. a4 {[%emt 0:01:28]} e5 {[%emt 0:01:04]} 19. Rhe1 {[%emt 0:01:35]} c5 {[%emt 0:01:30]} 20. dxe5 {[%emt 0:07:22]} Nxe5 {[%emt 0:04:44]} 21. Be2 {[%emt 0:02:39]} Rad8 {[%emt 0:02:53]} 22. Rad1 {[%emt 0:05:45]} Rxd1 {[%emt 0:01:05]} 23. Rxd1 {[%emt 0:00:21]} Rd8 {[%emt 0:00:32]} 24. Rd5 {[%emt 0:03:28]} Nc6 {[%emt 0:02:02]} 25. Rxd8+ {[%emt 0:07:38]} Nxd8 {[%emt 0:03:59]} 26. Qd5 {[%emt 0:00:23]} Ne6 {[%emt 0:01:09]} 27. e5 {[%emt 0:03:41]} g6 {[%emt 0:02:24]} 28. f4 {[%emt 0:00:35]} Nd8 {[%emt 0:05:16]} 29. Kf3 {[%emt 0:01:50]} Kf8 {[%emt 0:00:59]} 30. Ba6 {[%emt 0:00:51]} Ne6 {[%emt 0:01:45]} 31. Bc4 {[%emt 0:00:31]} Nc7 {[%emt 0:00:14]} 32. Qd6 {[%emt 0:02:53]} Ne8 {[%emt 0:00:11]} 33. Qd5 {[%emt 0:01:20]} Nc7 {[%emt 0:00:06]} 34. Qc6 {[%emt 0:01:05]} Qd8 {[%emt 0:00:48]} 35. Qd6+ {[%emt 0:00:33]} Qe7 {[%emt 0:00:09]} 36. Ke4 {[%emt 0:00:49]} Ke8 {[%emt 0:01:05]} 37. Bb5+ {[%emt 0:00:20]} Kf8 {[%emt 0:01:01]} 38. g4 a6 {[%emt 0:00:29]} 39. Bd7 {[%emt 0:01:08]} f5+ {[%emt 0:02:21]} 40. gxf5 {[%emt 0:00:21]} gxf5+ {[%emt 0:00:19]} 41. Bxf5 {[%emt 0:31:02]} 1-0

[Event "WTCC-65 2018"]
[Site "Radebeul"]
[Date "2018.07.10"]
[Round "4"]
[White "Schulze, Ulrich"]
[Black "Seibold, Hubert"]
[Result "1-0"]
[WhiteElo "2313"]
[BlackElo "2113"]
[Annotator "NA"]
[PlyCount "95"]
[EventDate "2018.07.07"]
[EventType "team-tourn"]
[EventCountry "GER"]
[SourceTitle "playchess.com"]
[Source "ChessBase"]
[SourceQuality "1"]
[TimeControl "40/5400+30:1800+30"]

1. c4 {[%emt 0:00:00]} e5 {[%emt 0:01:06]} 2. g3 {[%emt 0:00:00]} Nf6 {[%emt 0:00:13]} 3. Bg2 {[%emt 0:00:02]} c6 {[%emt 0:00:32]} 4. d4 {[%emt 0:01:11]} exd4 {[%emt 0:00:07]} 5. Qxd4 {[%emt 0:00:09]} Na6 {[%emt 0:00:07]} 6. Nc3 {[%emt 0:04:11]} Bc5 {[%emt 0:00:14]} 7. Qd1 {[%emt 0:05:09]} O-O {[%emt 0:02:14]} 8. Nf3 {[%emt 0:01:30]} d5 {[%emt 0:04:38]} 9. cxd5 {[%emt 0:04:16]} cxd5 {[%emt 0:11:14]} 10. O-O {[%emt 0:02:05]} h6 {[%emt 0:00:52]} 11. a3 {[%emt 0:03:52]} Re8 {[%emt 0:07:53]} 12. b4 {[%emt 0:04:32]} Bf8 {[%emt 0:08:04]} 13. Bb2 {[%emt 0:02:44]} Bf5 {[%emt 0:04:05]} 14. Nd4 {[%emt 0:06:58]} Bg6 {[%emt 0:03:04]} 15. Qb3 {[%emt 0:01:10]} Nc7 {[%emt 0:01:45]} 16. Rfd1 {[%emt 0:01:57]} Qd7 {[%emt 0:08:21]} 17. Rac1 {[%emt 0:07:28]} Rad8 {[%emt 0:06:55]} 18. Qa4 {[%emt 0:02:40]} Qxa4 {[%emt 0:06:33]} 19. Nxa4 {[%emt 0:00:15]} Ne6 {[%emt 0:01:01]} 20. e3 {[%emt 0:03:33]} Rc8 {[%emt 0:03:03]} 21. Nc3 {[%emt 0:05:33]} Red8 {[%emt 0:03:05]} 22. Nxd5 {[%emt 0:01:13]} Nxd5 {[%emt 0:10:13]} 23. Rxc8 {[%emt 0:00:21]} Rxc8 {[%emt 0:00:02]} 24. Bxd5 {[%emt 0:00:09]} Nxd4 {[%emt 0:00:25]} 25. Bxd4 {[%emt 0:01:54]} b6 {[%emt 0:00:48]} 26. Rd2 {[%emt 0:04:02]} Bc2 {[%emt 0:02:22]} 27. Bb2 {[%emt 0:04:53]} Ba4 {[%emt 0:02:37]} 28. f4 {[%emt 0:01:53]} a5 {[%emt 0:01:18]} 29. bxa5 {[%emt 0:00:08]} bxa5 30. Kf2 {[%emt 0:00:11]} Bc5 {[%emt 0:00:56]} 31. Kf3 {[%emt 0:00:18]} Rb8 {[%emt 0:01:42]} 32. g4 {[%emt 0:07:53]} Bd1+ {[%emt 0:01:43]} 33. Rxd1 {[%emt 0:03:48]} Rxb2 {[%emt 0:00:13]} 34. Rc1 {[%emt 0:00:08]} Bxa3 {[%emt 0:00:30]} 35. Rc8+ {[%emt 0:00:15]} Kh7 {[%emt 0:02:52]} 36. h4 {[%emt 0:08:45]} g5 {[%emt 0:03:40]} 37. hxg5 {[%emt 0:02:13]} hxg5 {[%emt 0:00:30]} 38. Bxf7 {[%emt 0:00:30]} Kg7 {[%emt 0:00:30]} 39. Bd5 {[%emt 0:00:30]} gxf4 {[%emt 0:00:30]} 40. exf4 {[%emt 0:00:30]} Rd2 {[%emt 0:00:30]} 41. Ke4 {[%emt 0:30:30]} Bd6 {[%emt 0:30:30]} 42. Rg8+ {[%emt 0:00:30]} Kh7 {[%emt 0:00:30]} 43. Rd8 {[%emt 0:00:30]} Re2+ {[%emt 0:00:30]} 44. Kf3 {[%emt 0:00:30]} Be7 {[%emt 0:00:30]} 45. Re8 {[%emt 0:00:30]} Re1 {[%emt 0:00:30]} 46. Bf7 {[%emt 0:00:07]} Kg7 {[%emt 0:02:09]} 47. Bd5 {[%emt 0:00:39]} Kh7 {[%emt 0:00:00]} 48. Be4+ {[%emt 0:00:00]} 1-0

[Event "WTCC-65 2018"]
[Site "Radebeul"]
[Date "2018.07.10"]
[Round "4"]
[White "Faibisovich, Vadim Z"]
[Black "Clara, Hans-Joachim"]
[Result "1/2-1/2"]
[WhiteElo "2312"]
[BlackElo "2289"]
[Annotator "NA"]
[PlyCount "24"]
[EventDate "2018.07.07"]
[EventType "team-tourn"]
[EventCountry "GER"]
[SourceTitle "playchess.com"]
[Source "ChessBase"]
[SourceQuality "1"]
[TimeControl "40/5400+30:1800+30"]

1. d4 {[%emt 0:00:00]} d5 {[%emt 0:00:35]} 2. Nf3 {[%emt 0:01:12]} Nf6 {[%emt 0:00:35]} 3. g3 {[%emt 0:01:57]} b6 {[%emt 0:06:54]} 4. Bg2 {[%emt 0:01:07]} Bb7 {[%emt 0:00:17]} 5. O-O {[%emt 0:06:05]} e6 {[%emt 0:00:07]} 6. c4 {[%emt 0:04:45]} dxc4 {[%emt 0:02:47]} 7. Qa4+ {[%emt 0:01:11]} Nbd7 {[%emt 0:00:04]} 8. Qxc4 {[%emt 0:02:08]} c5 {[%emt 0:01:09]} 9. Nc3 {[%emt 0:01:39]} Rc8 {[%emt 0:02:37]} 10. Bf4 {[%emt 0:06:21]} a6 {[%emt 0:00:55]} 11. a4 {[%emt 0:02:11]} cxd4 {[%emt 0:01:32]} 12. Qxd4 {[%emt 0:00:31]} Bc5 {[%emt 0:00:14]} 1/2-1/2

[Event "WTCC-65 2018"]
[Site "Radebeul"]
[Date "2018.07.10"]
[Round "4"]
[White "Berry, Stephen H"]
[Black "Balashov, Yuri S"]
[Result "1/2-1/2"]
[WhiteElo "2298"]
[BlackElo "2423"]
[Annotator "NA"]
[PlyCount "44"]
[EventDate "2018.07.07"]
[EventType "team-tourn"]
[EventCountry "GER"]
[SourceTitle "playchess.com"]
[Source "ChessBase"]
[SourceQuality "1"]
[TimeControl "40/5400+30:1800+30"]

1. Nf3 {[%emt 0:00:00]} d5 {[%emt 0:00:36]} 2. c4 {[%emt 0:00:00]} d4 {[%emt 0:00:29]} 3. b4 {[%emt 0:00:59]} g6 {[%emt 0:01:29]} 4. e3 {[%emt 0:04:54]} e5 {[%emt 0:03:13]} 5. Qb3 {[%emt 0:08:00]} Bg7 {[%emt 0:00:49]} 6. Bb2 {[%emt 0:02:27]} Nh6 {[%emt 0:04:24]} 7. Be2 {[%emt 0:03:45]} O-O {[%emt 0:02:58]} 8. O-O {[%emt 0:04:16]} Re8 {[%emt 0:01:53]} 9. e4 {[%emt 0:06:26]} f5 {[%emt 0:10:14]} 10. d3 {[%emt 0:05:11]} Be6 {[%emt 0:04:45]} 11. Nbd2 {[%emt 0:00:47]} Nd7 {[%emt 0:00:35]} 12. Qc2 {[%emt 0:03:19]} Nf7 {[%emt 0:00:24]} 13. c5 {[%emt 0:02:14]} Nf6 {[%emt 0:00:41]} 14. Rfe1 {[%emt 0:03:34]} Nh5 {[%emt 0:11:46]} 15. exf5 {[%emt 0:04:00]} Bxf5 {[%emt 0:00:46]} 16. Bf1 {[%emt 0:00:31]} Nf4 {[%emt 0:01:47]} 17. Ne4 {[%emt 0:05:32]} g5 {[%emt 0:01:27]} 18. h3 {[%emt 0:06:54]} h6 {[%emt 0:03:33]} 19. Bc1 {[%emt 0:00:58]} Qd7 {[%emt 0:04:11]} 20. Bxf4 {[%emt 0:00:30]} exf4 {[%emt 0:00:27]} 21. Rac1 {[%emt 0:01:56]} Qd5 {[%emt 0:02:55]} 22. Be2 {[%emt 0:07:04]} Kf8 1/2-1/2

[Event "WTCC-65 2018"]
[Site "Radebeul"]
[Date "2018.07.10"]
[Round "4"]
[White "Baum, Bernd"]
[Black "Rahls, Peter"]
[Result "0-1"]
[WhiteElo "2280"]
[BlackElo "2238"]
[Annotator "NA"]
[PlyCount "72"]
[EventDate "2018.07.07"]
[EventType "team-tourn"]
[EventCountry "GER"]
[SourceTitle "playchess.com"]
[Source "ChessBase"]
[SourceQuality "1"]
[TimeControl "40/5400+30:1800+30"]

1. c4 e5 2. g3 Nc6 3. Bg2 g6 4. Nc3 Bg7 5. d3 d6 6. e3 Nge7 7. Nge2 {[%emt 0:09:08]} Be6 {[%emt 0:03:41]} 8. Nd5 {[%emt 0:00:09]} O-O {[%emt 0:01:28]} 9. O-O {[%emt 0:00:14]} Qd7 {[%emt 0:01:45]} 10. Rb1 {[%emt 0:00:36]} Nd8 {[%emt 0:01:44]} 11. Nxe7+ {[%emt 0:02:49]} Qxe7 {[%emt 0:00:17]} 12. b3 {[%emt 0:00:07]} f5 {[%emt 0:02:18]} 13. d4 {[%emt 0:02:04]} e4 {[%emt 0:10:04]} 14. Bb2 {[%emt 0:08:07]} Nf7 {[%emt 0:05:26]} 15. Qd2 Bd7 16. b4 {[%emt 0:07:43]} b5 {[%emt 0:04:04]} 17. Rfc1 {[%emt 0:02:42]} bxc4 {[%emt 0:04:19]} 18. Nf4 {[%emt 0:11:42]} g5 {[%emt 0:08:31]} 19. Nd5 {[%emt 0:15:48]} Qd8 {[%emt 0:00:34]} 20. Bf1 {[%emt 0:11:41]} c6 {[%emt 0:01:05]} 21. Nc3 {[%emt 0:00:09]} d5 {[%emt 0:00:28]} 22. b5 {[%emt 0:02:08]} Qc7 {[%emt 0:03:02]} 23. Ba3 {[%emt 0:04:14]} Rfe8 {[%emt 0:00:37]} 24. bxc6 {[%emt 0:04:22]} Bxc6 {[%emt 0:00:24]} 25. Nb5 {[%emt 0:01:40]} Qd7 {[%emt 0:01:39]} 26. Qa5 {[%emt 0:00:29]} Rec8 {[%emt 0:12:23]} 27. Bc5 {[%emt 0:03:12]} a6 {[%emt 0:03:23]} 28. Nc3 {[%emt 0:00:42]} Bf6 {[%emt 0:02:58]} 29. Rb2 {[%emt 0:03:21]} Nd8 {[%emt 0:05:53]} 30. Qa3 {[%emt 0:04:28]} Ne6 {[%emt 0:02:10]} 31. Rb6 {[%emt 0:04:04]} Nxc5 {[%emt 0:02:31]} 32. dxc5 {[%emt 0:00:22]} Bd8 {[%emt 0:02:47]} 33. Rxc6 {[%emt 0:02:01]} Qxc6 {[%emt 0:00:43]} 34. Nxd5 {[%emt 0:00:08]} Qxc5 {[%emt 0:00:46]} 35. Qxc5 {[%emt 0:02:04]} Rxc5 {[%emt 0:00:06]} 36. Bxc4 {[%emt 0:00:27]} Kg7 {[%emt 0:02:24]} 0-1

[Event "WTCC-65 2018"]
[Site "Radebeul"]
[Date "2018.07.10"]
[Round "4"]
[White "Khanukov, Boris"]
[Black "Hilpert, Rainer"]
[Result "1/2-1/2"]
[WhiteElo "2273"]
[BlackElo "2127"]
[Annotator "NA"]
[PlyCount "80"]
[EventDate "2018.07.07"]
[EventType "team-tourn"]
[EventCountry "GER"]
[SourceTitle "playchess.com"]
[Source "ChessBase"]
[SourceQuality "1"]
[TimeControl "40/5400+30:1800+30"]

1. Nf3 {[%emt 0:00:00]} Nf6 {[%emt 0:00:00]} 2. g3 {[%emt 0:00:04]} d5 {[%emt 0:00:19]} 3. Bg2 {[%emt 0:00:59]} c6 {[%emt 0:00:37]} 4. O-O {[%emt 0:00:17]} Bf5 {[%emt 0:00:38]} 5. d4 {[%emt 0:01:45]} e6 {[%emt 0:00:33]} 6. Nh4 {[%emt 0:01:21]} Bg6 {[%emt 0:04:24]} 7. Nxg6 {[%emt 0:02:37]} hxg6 {[%emt 0:00:09]} 8. Nd2 {[%emt 0:00:28]} Nbd7 {[%emt 0:01:26]} 9. e4 {[%emt 0:00:39]} dxe4 {[%emt 0:02:29]} 10. Nxe4 {[%emt 0:00:14]} Nxe4 {[%emt 0:01:38]} 11. Bxe4 {[%emt 0:00:08]} Bd6 {[%emt 0:00:57]} 12. Bg2 {[%emt 0:02:04]} O-O {[%emt 0:06:12]} 13. c4 {[%emt 0:01:14]} Nf6 {[%emt 0:02:08]} 14. Bg5 {[%emt 0:00:49]} Qa5 {[%emt 0:04:15]} 15. Bd2 {[%emt 0:02:54]} Bb4 {[%emt 0:09:40]} 16. Be3 {[%emt 0:02:02]} Rfd8 {[%emt 0:06:19]} 17. a3 {[%emt 0:01:34]} Be7 {[%emt 0:01:42]} 18. Qe2 {[%emt 0:02:01]} Rd7 {[%emt 0:01:53]} 19. Rfd1 {[%emt 0:02:00]} Rad8 {[%emt 0:02:35]} 20. h3 {[%emt 0:01:23]} Qa4 {[%emt 0:08:14]} 21. Bf3 {[%emt 0:02:32]} Ne8 {[%emt 0:02:09]} 22. Rac1 {[%emt 0:27:33]} Bf6 {[%emt 0:01:51]} 23. d5 {[%emt 0:00:56]} cxd5 {[%emt 0:02:29]} 24. cxd5 {[%emt 0:00:11]} exd5 {[%emt 0:00:28]} 25. Bg4 {[%emt 0:01:19]} Re7 {[%emt 0:04:14]} 26. Qc2 {[%emt 0:01:01]} Qb5 {[%emt 0:04:39]} 27. Qc5 {[%emt 0:08:52]} Qxb2 {[%emt 0:06:34]} 28. Rb1 {[%emt 0:00:47]} Qc3 {[%emt 0:00:50]} 29. Qxc3 {[%emt 0:01:14]} Bxc3 {[%emt 0:00:10]} 30. Bxa7 {[%emt 0:00:18]} Nf6 {[%emt 0:05:00]} 31. Bf3 {[%emt 0:02:56]} Red7 {[%emt 0:03:27]} 32. g4 {[%emt 0:02:46]} Ra8 {[%emt 0:04:54]} 33. Bc5 {[%emt 0:05:23]} Ra5 {[%emt 0:00:24]} 34. Be3 {[%emt 0:00:52]} d4 {[%emt 0:01:41]} 35. Bc1 {[%emt 0:00:35]} Nd5 {[%emt 0:02:10]} 36. Rb3 {[%emt 0:00:25]} Rc5 {[%emt 0:02:29]} 37. Kf1 {[%emt 0:03:50]} b5 {[%emt 0:00:36]} 38. Be2 {[%emt 0:00:41]} Rb7 {[%emt 0:03:34]} 39. Bf3 {[%emt 0:01:30]} Rd7 {[%emt 0:00:02]} 40. Be2 {[%emt 0:01:04]} Rb7 {[%emt 0:00:08]} 1/2-1/2

[Event "WTCC-65 2018"]
[Site "Radebeul"]
[Date "2018.07.10"]
[Round "4"]
[White "Giffard, Nicolas"]
[Black "Munninghoff, Alexander"]
[Result "1-0"]
[WhiteElo "2260"]
[BlackElo "1918"]
[Annotator "NA"]
[PlyCount "51"]
[EventDate "2018.07.07"]
[EventType "team-tourn"]
[EventCountry "GER"]
[SourceTitle "playchess.com"]
[Source "ChessBase"]
[SourceQuality "1"]
[TimeControl "40/5400+30:1800+30"]

1. d4 {[%emt 0:00:00]} f5 {[%emt 0:00:00]} 2. c4 {[%emt 0:03:06]} Nf6 {[%emt 0:00:00]} 3. e3 {[%emt 0:01:25]} e6 {[%emt 0:00:13]} 4. Bd3 {[%emt 0:00:22]} Be7 {[%emt 0:00:50]} 5. Ne2 {[%emt 0:00:25]} O-O {[%emt 0:00:23]} 6. f3 {[%emt 0:00:57]} d6 {[%emt 0:00:56]} 7. Qc2 {[%emt 0:00:27]} Nc6 {[%emt 0:02:45]} 8. a3 {[%emt 0:00:09]} a5 {[%emt 0:01:09]} 9. Nbc3 {[%emt 0:00:28]} Qe8 {[%emt 0:01:01]} 10. Bd2 {[%emt 0:04:40]} Bd8 {[%emt 0:03:57]} 11. O-O-O {[%emt 0:01:40]} Ne7 {[%emt 0:01:31]} 12. e4 {[%emt 0:05:54]} c6 {[%emt 0:05:16]} 13. exf5 {[%emt 0:05:03]} exf5 {[%emt 0:04:41]} 14. h3 {[%emt 0:00:32]} Bd7 {[%emt 0:02:39]} 15. g4 {[%emt 0:00:23]} b5 {[%emt 0:09:58]} 16. cxb5 {[%emt 0:08:44]} cxb5 {[%emt 0:00:32]} 17. Qb3+ {[%emt 0:00:11]} Kh8 {[%emt 0:00:44]} 18. Bxb5 {[%emt 0:00:19]} Bc7 {[%emt 0:05:50]} 19. Nf4 {[%emt 0:03:44]} Nc6 {[%emt 0:04:03]} 20. Bxc6 {[%emt 0:03:54]} Bxc6 {[%emt 0:01:00]} 21. d5 {[%emt 0:00:11]} Qf7 {[%emt 0:05:25]} 22. Qa2 {[%emt 0:07:24]} Bd7 {[%emt 0:03:12]} 23. g5 {[%emt 0:01:39]} Ng8 {[%emt 0:01:26]} 24. h4 {[%emt 0:01:25]} Rfc8 {[%emt 0:01:18]} 25. h5 {[%emt 0:00:16]} Bd8 {[%emt 0:03:20]} 26. Ng6+ 1-0